000 00913cab a2200205 4500
001 ABS67300
008 040107n2003 000 0 eng u
035 _a(Sirsi) u124752
100 _aKhalil, M.
245 _aActivity-based costing model for construction projects
260 _c2003
490 _aBuilding Economist
_v December 2003, 4-10(7)
520 _aProposes a generic model to assign overhead costs not only to projects but also to activities and project elements, making it useful in various decision-making situations in building construction projects. Argues that the traditional method of allocating overhead costs to projects is inadequate in providing sufficiently accurate cost distribution. Tables and references.
590 _aABS
650 _aOVERHEAD COSTS
650 _aBUILDING PROJECTS
650 _aDECISION-MAKING
690 _aBUILT ENVIRONMENT-BUILDING COSTS
942 _n0
999 _c74041
_d74041